000 00611ntaaa2200193 4500
003 01
005 20251027201359.0
008 0714s1973 ag 01
040 _aAR-BaBN
_bspa
_cAR-BaBN
_eaacr
_dRIC
082 _a225.5700 B47
245 _aNovum Testamentum y Psmali Davidids; ex interpretatione Theodori Bezae.
250 _a1 ed.
260 _aLondres :
_bSumptibus Societatis Bibliophilorum, (Sociedades Bíblicas),
_c1952
300 _a566 p., 179 p.
500 _aNuevo Testamento y Salmo en latín
650 _aBiblia-N.T.-Latín
_912277
650 _aLatín-Nuevo Testamento-Salmos
_912278
942 _cBK
999 _c8333
_d8333